|
|
|
|
| LEADER |
00902nam a2200229 a 4500 |
| 001 |
GR-MES1805 |
| 008 |
991111s1997 nyu b 001 b eng d |
| 020 |
|
|
|a 0471976806
|
| 040 |
|
|
|a GrPaTEI
|b gre
|c GR-PaULI
|
| 245 |
0 |
0 |
|a Tourism and recreation in rural areas.
|
| 260 |
|
|
|a New York :
|b John Wiley,
|c 1997
|
| 300 |
|
|
|a 261σ.
|
| 504 |
|
|
|a Περιλαμβάνει βιβλιογραφικές παραπομπές και ευρετήριο.
|
| 650 |
|
4 |
|a Τουρισμός
|
| 650 |
|
4 |
|a ΤΟΥΡΙΣΤΙΚΟ ΕΜΠΟΡΙΟ
|
| 700 |
1 |
|
|a Butler, Richard,
|d 1943-
|
| 700 |
1 |
|
|a Hall, Michael
|
| 700 |
1 |
|
|a Jenkins, John
|
| 942 |
|
|
|2 ddc
|
| 952 |
|
|
|0 0
|1 0
|2 ddc
|4 0
|6 338_479000000000000_1_BUT
|7 0
|9 266092
|a MSLG
|b MSLG
|c BSC
|d 2021-01-17
|e 24
|f 0
|g 0.00
|l 0
|o 338.479 1 BUT
|p 2420000013659
|r 2021-01-17 00:00:00
|t 1
|w 2021-01-17
|y BK15
|x 19991111 0 1
|x GrPaTEI
|
| 971 |
|
|
|a .b25728490
|b 15-04-20
|c 13-09-16
|
| 999 |
|
|
|c 153002
|d 153002
|